« Retourner aux résultats de recherche
Outils et travaux de la ferme (Les)
| Auteur principal: | Christophe Lefébure |
|---|---|
| D'autres auteurs: | Alain Baraton |
| Support: | Livres |
| Langue: | Francais |
| Publié: |
2006 Maison rustique Paris |
| Genre: |
Documentaire |
| Sujets: | |
| Étiquettes: |
Ajouter
Pas de Tags !
|
| LEADER | 01003nam0a2200217 450 | ||
|---|---|---|---|
| 001 | 16847894 | ||
| 010 | |a 2-08-240262-2 |d 30 | ||
| 100 | |a 20060530d2006 u u0frey01 ba | ||
| 101 | 0 | |a fre | |
| 102 | |a FR | ||
| 200 | 0 | |a Outils et travaux de la ferme (Les) |f texte et photogr. Christophe Lefébure |g préf. Alain Baraton | |
| 207 | 1 | |a | |
| 210 | |a Paris |c Maison rustique |d 2006 | ||
| 215 | |a 159 p. |c ill. en coul. |d 25 x 22 cm | ||
| 300 | |a Index | ||
| 330 | |a Evocation du monde paysan d'autrefois (labours, semailles, vendanges, travail à l'étable, au pressoir...) à travers la description de plus de 250 outils et machines du XVIIIe siècle à aujourd'hui. L'iconographie comprend notamment des scènes de travail à la ferme reproduites dans les écomusées. | ||
| 700 | 0 | |a Lefébure |b Christophe |4 70 | |
| 702 | 0 | |a Baraton |b Alain |4 80 | |
| 900 | |a Documentaire | ||
| 901 | |a Accessible au prêt | ||
| 995 | |a Bibliothèque |c Bibliothèque |f 00156006339774 |h 00156006339774 |k 631 LEF |o p |q a |r az |e Bibliothèque | ||
